|
|
|
|
| LEADER |
00000nbm0a2200000 4500 |
| 001 |
309472 |
| 005 |
20231102002207.0 |
| 035 |
|
|
|a (RuTPU)RU\TPU\book\334794
|
| 035 |
|
|
|a RU\TPU\book\334793
|
| 090 |
|
|
|a 309472
|
| 100 |
|
|
|a 20151113j20151111k y0rusy50 ca
|
| 101 |
0 |
|
|a rus
|
| 102 |
|
|
|a RU
|
| 105 |
|
|
|a a m 001zy
|
| 200 |
1 |
|
|a Прогнозирование эксплуатационной надежности асинхронных двигателей для лифтов
|e диссертация на соискание ученой степени кандидата технических наук
|e спец. 05.09.01
|f Н. А. Шпет
|g Национальный исследовательский Томский политехнический университет (ТПУ) ; Полюс ; науч. рук. О. П. Муравлев
|
| 210 |
|
|
|a Томск
|d 2015
|
| 215 |
|
|
|a 214 л.
|c ил.
|
| 300 |
|
|
|a Защищена 11.11.2015 г.
|
| 320 |
|
|
|a Библиогр.: с. 171-184 (152 назв.).
|
| 452 |
|
1 |
|0 (RuTPU)RU\TPU\book\344018
|t Прогнозирование эксплуатационной надежности асинхронных двигателей для лифтов
|o диссертация на соискание ученой степени кандидата технических наук
|o спец. 05.09.01
|f Н. А. Шпет
|g Национальный исследовательский Томский политехнический университет (ТПУ) ; науч. рук. О. П. Муравлев
|c Томск
|n [Б. и.]
|d 2015
|a Шпет, Наталья Анатольевна
|
| 606 |
1 |
|
|a Лифты
|x Электрооборудование
|2 stltpush
|3 (RuTPU)RU\TPU\subj\40520
|9 60366
|
| 610 |
1 |
|
|a асинхронные двигатели
|
| 610 |
1 |
|
|a надежность
|
| 610 |
1 |
|
|a техническое обслуживание
|
| 610 |
1 |
|
|a ремонт
|
| 610 |
1 |
|
|a статистическое моделирование
|
| 610 |
1 |
|
|a эксплуатационная надежность
|
| 610 |
1 |
|
|a прогнозирование
|
| 610 |
1 |
|
|a совершенствование
|
| 610 |
1 |
|
|a диссертации
|
| 610 |
1 |
|
|a труды учёных ТПУ
|
| 675 |
|
|
|a 621.876.1(04)
|v 3
|
| 686 |
|
|
|a 05.09.01
|2 oksvnk
|
| 700 |
|
1 |
|a Шпет
|b Н. А.
|g Наталья Анатольевна
|
| 702 |
|
1 |
|a Муравлев
|b О. П.
|c специалист в области электротехники
|c профессор Томского политехнического университета, доктор технических наук
|f 1937-
|g Олег Павлович
|2 stltpush
|3 (RuTPU)RU\TPU\pers\19841
|4 727
|
| 712 |
0 |
2 |
|a Национальный исследовательский Томский политехнический университет (ТПУ)
|c (2009- )
|2 stltpush
|3 (RuTPU)RU\TPU\col\15902
|
| 712 |
0 |
2 |
|a Полюс
|c Научно-производственный центр
|c (Томск)
|c (1980- )
|2 stltpush
|3 (RuTPU)RU\TPU\col\4024
|9 23920
|
| 801 |
|
1 |
|a RU
|b 63413507
|c 20151113
|
| 801 |
|
2 |
|a RU
|b 63413507
|c 20160427
|g RCR
|
| 942 |
|
|
|c BK
|